[Event "Russian Championship (Blitz, Women)"]
[Site "Sochi"]
[Date "2018.10.07"]
[Round "18.4"]
[White "Guseva, Marina"]
[Black "Dordzhieva, Dinara"]
[Result "1/2-1/2"]
[BlackElo "2225"]
[WhiteElo "2292"]
[LiveChessVersion "1.4.8"]

1. d4 {[%clk 0:03:03]} d5 {[%clk 0:02:56]} 2. c4 {[%clk 0:03:04]} e6
{[%clk 0:02:58]} 3. Nc3 {[%clk 0:03:05]} Nf6 {[%clk 0:02:59]} 4. cxd5
{[%clk 0:03:05]} exd5 {[%clk 0:03:00]} 5. Bg5 {[%clk 0:03:06]} Be7
{[%clk 0:03:01]} 6. e3 {[%clk 0:03:08]} c6 {[%clk 0:03:02]} 7. Bd3
{[%clk 0:03:08]} Nbd7 {[%clk 0:03:03]} 8. Qc2 {[%clk 0:03:02]} Nh5
{[%clk 0:03:04]} 9. Bxe7 {[%clk 0:03:03]} Qxe7 {[%clk 0:03:05]} 10. O-O-O
{[%clk 0:03:02]} g6 {[%clk 0:03:07]} 11. h3 {[%clk 0:03:02]} Nb6 {[%clk 0:03:07]}
12. Nf3 {[%clk 0:02:59]} Ng7 {[%clk 0:03:08]} 13. g4 {[%clk 0:02:53]} Be6
{[%clk 0:03:09]} 14. Kb1 {[%clk 0:02:52]} O-O-O {[%clk 0:03:10]} 15. Na4
{[%clk 0:02:48]} Nxa4 {[%clk 0:03:11]} 16. Qxa4 {[%clk 0:02:50]} Kb8
{[%clk 0:03:12]} 17. Ne5 {[%clk 0:02:39]} f6 {[%clk 0:02:54]} 18. Nf3
{[%clk 0:02:39]} Ne8 {[%clk 0:02:55]} 19. Rc1 {[%clk 0:02:35]} Bd7
{[%clk 0:02:54]} 20. Rc3 {[%clk 0:02:26]} Nd6 {[%clk 0:02:42]} 21. Qb4
{[%clk 0:02:04]} Nc8 {[%clk 0:02:28]} 22. Qxe7 {[%clk 0:02:00]} Nxe7
{[%clk 0:02:30]} 23. Rg1 {[%clk 0:01:58]} g5 {[%clk 0:02:31]} 24. h4 h6 25. Rcc1
{[%clk 0:01:49]} Rdg8 {[%clk 0:02:32]} 26. h5 {[%clk 0:01:37]} Nc8
{[%clk 0:02:24]} 27. Nd2 {[%clk 0:01:31]} Nd6 {[%clk 0:02:25]} 28. Bg6
{[%clk 0:01:13]} Rf8 {[%clk 0:02:23]} 29. f4 {[%clk 0:01:10]} Be8
{[%clk 0:02:11]} 30. Bxe8 {[%clk 0:00:43]} Rxe8 {[%clk 0:02:12]} 31. Rce1
{[%clk 0:00:35]} Re7 {[%clk 0:02:10]} 32. Kc2 {[%clk 0:00:35]} Rhe8
{[%clk 0:02:09]} 33. fxg5 {[%clk 0:00:35]} fxg5 {[%clk 0:02:11]} 34. Kd3
{[%clk 0:00:35]} Ne4 {[%clk 0:01:56]} 35. Nxe4 {[%clk 0:00:34]} Rxe4
{[%clk 0:01:58]} 36. b3 {[%clk 0:00:24]} Rf8 {[%clk 0:01:55]} 37. Ke2
{[%clk 0:00:24]} Kc7 {[%clk 0:01:51]} 38. Rg3 {[%clk 0:00:24]} Rfe8
{[%clk 0:01:41]} 39. Kd3 {[%clk 0:00:22]} a5 {[%clk 0:01:35]} 40. Rf1
{[%clk 0:00:23]} R8e6 {[%clk 0:01:30]} 41. a3 {[%clk 0:00:23]} Kb6 42. Rf7
{[%clk 0:00:23]} Re7 {[%clk 0:01:26]} 43. Rxe7 {[%clk 0:00:22]} Rxe7
{[%clk 0:01:28]} 44. Rf3 {[%clk 0:00:23]} Re4 {[%clk 0:01:29]} 45. Rf6
{[%clk 0:00:24]} Rxg4 {[%clk 0:01:31]} 46. Rxh6 {[%clk 0:00:25]} Rh4
{[%clk 0:01:31]} 47. Rh8 {[%clk 0:00:26]} Rh2 {[%clk 0:01:30]} 48. h6
{[%clk 0:00:26]} g4 {[%clk 0:01:30]} 49. h7 {[%clk 0:00:24]} g3 {[%clk 0:01:31]}
50. a4 {[%clk 0:00:22]} g2 {[%clk 0:01:31]} 51. Rg8 {[%clk 0:00:23]} Rxh7
{[%clk 0:01:28]} 52. Rxg2 {[%clk 0:00:23]} Rh1 {[%clk 0:01:29]} 53. Ke4 1/2-1/2

[Event "Russian Championship (Blitz, Women)"]
[Site "Sochi"]
[Date "2018.10.07"]
[Round "19.1"]
[White "Voit, Daria"]
[Black "Bivol, Alina"]
[Result "0-1"]
[BlackElo "2217"]
[WhiteElo "2415"]
[LiveChessVersion "1.4.8"]

1. Nf3 {[%clk 0:03:03]} Nf6 {[%clk 0:03:03]} 2. c4 {[%clk 0:03:04]} g6
{[%clk 0:03:05]} 3. d4 {[%clk 0:03:06]} d6 {[%clk 0:03:06]} 4. Nc3
{[%clk 0:03:06]} Bg7 {[%clk 0:03:07]} 5. Bg5 {[%clk 0:03:07]} O-O
{[%clk 0:03:05]} 6. e3 {[%clk 0:03:08]} c5 {[%clk 0:02:58]} 7. Be2
{[%clk 0:02:51]} Qa5 {[%clk 0:02:51]} 8. O-O {[%clk 0:02:46]} Bg4
{[%clk 0:02:39]} 9. Nd2 {[%clk 0:02:33]} Bxe2 {[%clk 0:02:31]} 10. Qxe2
{[%clk 0:02:34]} cxd4 {[%clk 0:02:31]} 11. exd4 {[%clk 0:02:34]} Qxg5
{[%clk 0:02:32]} 12. Nf3 {[%clk 0:02:30]} Qf5 {[%clk 0:02:24]} 13. Qxe7
{[%clk 0:02:29]} Qd7 {[%clk 0:02:24]} 14. Qe3 {[%clk 0:02:27]} Nc6
{[%clk 0:02:23]} 15. h3 {[%clk 0:02:21]} Rfe8 {[%clk 0:02:23]} 16. Qd2
{[%clk 0:02:22]} Ne4 {[%clk 0:02:21]} 17. Qd3 {[%clk 0:02:21]} Nxc3
{[%clk 0:02:04]} 18. bxc3 {[%clk 0:02:22]} b6 {[%clk 0:02:02]} 19. Qc2
{[%clk 0:02:18]} Na5 {[%clk 0:02:02]} 20. Nd2 {[%clk 0:02:16]} Rac8
{[%clk 0:02:00]} 21. Qd3 {[%clk 0:02:11]} Qf5 {[%clk 0:01:59]} 22. Qxf5
{[%clk 0:02:08]} gxf5 {[%clk 0:02:00]} 23. Rfe1 {[%clk 0:02:08]} Kf8
{[%clk 0:01:54]} 24. g3 {[%clk 0:01:59]} Nxc4 {[%clk 0:01:54]} 25. Nf3
{[%clk 0:01:59]} Bf6 {[%clk 0:01:42]} 26. Kg2 {[%clk 0:01:57]} Na3
{[%clk 0:01:42]} 27. Rxe8+ {[%clk 0:01:51]} Kxe8 {[%clk 0:01:40]} 28. Re1+
{[%clk 0:01:49]} Kd7 {[%clk 0:01:39]} 29. Re3 {[%clk 0:01:49]} Nb5
{[%clk 0:01:37]} 30. g4 {[%clk 0:01:36]} fxg4 {[%clk 0:01:35]} 31. hxg4
{[%clk 0:01:36]} Rxc3 {[%clk 0:01:30]} 32. Re4 {[%clk 0:01:37]} Rd3
{[%clk 0:01:20]} 33. Rf4 {[%clk 0:01:37]} Ke7 {[%clk 0:01:02]} 34. g5
{[%clk 0:01:30]} Bxd4 {[%clk 0:01:00]} 35. Nh4 {[%clk 0:01:31]} Be5
{[%clk 0:00:55]} 36. Rb4 {[%clk 0:01:23]} Nd4 {[%clk 0:00:49]} 37. Rc4
{[%clk 0:01:19]} Kd7 {[%clk 0:00:45]} 38. a4 {[%clk 0:01:10]} a6 {[%clk 0:00:44]}
39. Rc1 {[%clk 0:01:10]} b5 {[%clk 0:00:45]} 40. axb5 {[%clk 0:01:11]} axb5
{[%clk 0:00:45]} 41. Ra1 {[%clk 0:01:02]} b4 {[%clk 0:00:44]} 42. Rf1
{[%clk 0:00:56]} Rd2 {[%clk 0:00:35]} 43. Kh3 {[%clk 0:00:56]} b3
{[%clk 0:00:34]} 44. f4 {[%clk 0:00:56]} Bg7 {[%clk 0:00:35]} 45. f5
{[%clk 0:00:53]} Be5 {[%clk 0:00:34]} 46. Kg4 {[%clk 0:00:48]} b2
{[%clk 0:00:34]} 47. Kh5 {[%clk 0:00:45]} Rc2 {[%clk 0:00:32]} 48. Rb1
{[%clk 0:00:44]} Nb3 {[%clk 0:00:32]} 49. Nf3 {[%clk 0:00:45]} Bc3
{[%clk 0:00:32]} 0-1

[Event "Russian Championship (Blitz, Women)"]
[Site "Sochi"]
[Date "2018.10.07"]
[Round "19.3"]
[White "Maltsevskaya, Aleksandra"]
[Black "Kashlinskaya, Alina"]
[Result "0-1"]
[BlackElo "2369"]
[WhiteElo "2269"]
[LiveChessVersion "1.4.8"]

1. Nf3 {[%clk 0:03:02]} Nf6 {[%clk 0:03:03]} 2. g3 {[%clk 0:03:03]} d5
{[%clk 0:03:04]} 3. Bg2 {[%clk 0:03:03]} Bg4 {[%clk 0:03:05]} 4. O-O
{[%clk 0:03:03]} c6 {[%clk 0:03:06]} 5. d3 {[%clk 0:02:57]} Nbd7 {[%clk 0:03:05]}
6. Nbd2 {[%clk 0:02:57]} e5 {[%clk 0:03:06]} 7. h3 {[%clk 0:02:56]} Bh5
{[%clk 0:03:06]} 8. e4 {[%clk 0:02:56]} dxe4 {[%clk 0:03:06]} 9. dxe4
{[%clk 0:02:57]} Bc5 {[%clk 0:03:07]} 10. c3 {[%clk 0:02:57]} a5 {[%clk 0:03:07]}
11. Qe2 {[%clk 0:02:51]} O-O {[%clk 0:03:07]} 12. Rd1 {[%clk 0:02:52]} Qc7
{[%clk 0:03:04]} 13. Nf1 {[%clk 0:02:51]} a4 {[%clk 0:02:58]} 14. g4
{[%clk 0:02:40]} Bg6 {[%clk 0:02:59]} 15. Nh4 {[%clk 0:02:40]} b5
{[%clk 0:02:32]} 16. Nf5 {[%clk 0:02:41]} Rfe8 {[%clk 0:02:22]} 17. N1g3
{[%clk 0:02:32]} Nb6 {[%clk 0:02:18]} 18. h4 {[%clk 0:02:21]} Nc4
{[%clk 0:02:08]} 19. g5 {[%clk 0:02:08]} Nd7 {[%clk 0:02:03]} 20. h5
{[%clk 0:02:09]} Bxf5 {[%clk 0:02:04]} 21. exf5 {[%clk 0:02:10]} e4
{[%clk 0:01:59]} 22. Nxe4 {[%clk 0:02:04]} Bb6 {[%clk 0:01:52]} 23. g6
{[%clk 0:02:02]} Nc5 {[%clk 0:01:48]} 24. gxh7+ {[%clk 0:01:51]} Kh8
{[%clk 0:01:39]} 25. Qg4 {[%clk 0:01:35]} Nxe4 {[%clk 0:01:39]} 26. Bxe4
{[%clk 0:01:36]} f6 {[%clk 0:01:00]} 27. Bg2 {[%clk 0:01:16]} Ne5
{[%clk 0:00:37]} 28. Qh4 {[%clk 0:01:16]} Kxh7 {[%clk 0:00:33]} 29. Bf4
{[%clk 0:01:16]} Qf7 {[%clk 0:00:18]} 30. Rd6 {[%clk 0:00:58]} Rad8
{[%clk 0:00:17]} 31. Rad1 {[%clk 0:00:52]} Rxd6 {[%clk 0:00:18]} 32. Rxd6
{[%clk 0:00:53]} Qe7 {[%clk 0:00:06]} 33. Re6 {[%clk 0:00:45]} Qd7
{[%clk 0:00:06]} 34. h6 {[%clk 0:00:46]} g5 {[%clk 0:00:06]} 35. fxg6+
{[%clk 0:00:45]} Nxg6 {[%clk 0:00:07]} 36. Qxf6 {[%clk 0:00:25]} Rxe6
{[%clk 0:00:08]} 37. Qg5 {[%clk 0:00:25]} Nxf4 {[%clk 0:00:08]} 38. Qxf4
{[%clk 0:00:24]} Qd1+ {[%clk 0:00:09]} 39. Kh2 {[%clk 0:00:23]} Rxh6+
{[%clk 0:00:10]} 40. Bh3 {[%clk 0:00:22]} Qd6 {[%clk 0:00:11]} 0-1

[Event "Russian Championship (Blitz, Women)"]
[Site "Sochi"]
[Date "2018.10.07"]
[Round "19.6"]
[White "Shuvalova, Polina"]
[Black "Lysenko, Margarita"]
[Result "0-1"]
[BlackElo "2122"]
[WhiteElo "2246"]
[LiveChessVersion "1.4.8"]

1. e4 {[%clk 0:03:03]} Nf6 {[%clk 0:03:03]} 2. e5 {[%clk 0:03:04]} Nd5
{[%clk 0:03:04]} 3. d4 {[%clk 0:03:05]} d6 {[%clk 0:03:05]} 4. Nf3
{[%clk 0:03:07]} g6 {[%clk 0:03:06]} 5. exd6 cxd6 {[%clk 0:03:07]} 6. c4
{[%clk 0:03:07]} Nb6 {[%clk 0:03:08]} 7. Nc3 {[%clk 0:03:07]} Bg7
{[%clk 0:03:09]} 8. Be2 {[%clk 0:03:07]} O-O {[%clk 0:03:09]} 9. O-O
{[%clk 0:03:07]} Bg4 {[%clk 0:03:02]} 10. b3 {[%clk 0:03:01]} Nc6
{[%clk 0:02:55]} 11. Be3 {[%clk 0:03:00]} d5 {[%clk 0:02:52]} 12. c5
{[%clk 0:02:56]} Nc8 {[%clk 0:02:53]} 13. h3 {[%clk 0:02:47]} Bxf3
{[%clk 0:02:52]} 14. Bxf3 {[%clk 0:02:48]} e6 {[%clk 0:02:53]} 15. Rb1
{[%clk 0:02:48]} N8e7 {[%clk 0:02:52]} 16. Bg4 {[%clk 0:02:44]} h5
{[%clk 0:02:49]} 17. Be2 {[%clk 0:02:45]} Nf5 {[%clk 0:02:48]} 18. Bd3
{[%clk 0:02:16]} Ncxd4 {[%clk 0:02:25]} 19. Ne2 {[%clk 0:02:09]} Nxe3
{[%clk 0:02:24]} 20. fxe3 {[%clk 0:02:09]} Nxe2+ {[%clk 0:02:04]} 21. Qxe2
{[%clk 0:02:10]} a5 {[%clk 0:02:02]} 22. Rbc1 {[%clk 0:02:07]} Rc8
{[%clk 0:01:59]} 23. a3 {[%clk 0:01:57]} Qg5 {[%clk 0:01:51]} 24. b4
{[%clk 0:01:51]} axb4 {[%clk 0:01:49]} 25. axb4 {[%clk 0:01:52]} Bh6
{[%clk 0:01:44]} 26. Rfe1 {[%clk 0:01:45]} Qh4 {[%clk 0:01:40]} 27. Rc2
{[%clk 0:01:31]} Qxb4 {[%clk 0:01:33]} 28. Rec1 {[%clk 0:01:14]} d4
{[%clk 0:01:17]} 29. Rc4 {[%clk 0:01:15]} Qa5 {[%clk 0:01:14]} 30. Rxd4
{[%clk 0:01:12]} Rxc5 {[%clk 0:01:15]} 31. Rf1 {[%clk 0:00:58]} Re5
{[%clk 0:01:09]} 32. Rf3 {[%clk 0:00:48]} Qa1+ {[%clk 0:01:07]} 33. Kh2
{[%clk 0:00:49]} Rxe3 {[%clk 0:00:39]} 34. Rxe3 {[%clk 0:00:39]} Qxd4
{[%clk 0:00:38]} 35. Rf3 {[%clk 0:00:36]} Qd6+ {[%clk 0:00:37]} 36. g3
{[%clk 0:00:35]} Rd8 {[%clk 0:00:37]} 37. h4 {[%clk 0:00:35]} Qb4
{[%clk 0:00:18]} 38. Qc2 {[%clk 0:00:35]} Qd2+ {[%clk 0:00:16]} 39. Qxd2
{[%clk 0:00:34]} Bxd2 {[%clk 0:00:16]} 40. Kg2 {[%clk 0:00:35]} Bh6
{[%clk 0:00:13]} 41. Bb5 {[%clk 0:00:21]} b6 {[%clk 0:00:12]} 42. Rc3
{[%clk 0:00:19]} Bf8 {[%clk 0:00:11]} 43. Rc7 {[%clk 0:00:17]} Bc5
{[%clk 0:00:08]} 44. Rd7 {[%clk 0:00:08]} Ra8 {[%clk 0:00:08]} 45. Rd3
{[%clk 0:00:08]} Kg7 {[%clk 0:00:07]} 46. Kf3 {[%clk 0:00:10]} Ra5
{[%clk 0:00:07]} 47. Be8 {[%clk 0:00:10]} Ra8 {[%clk 0:00:07]} 48. Bc6
{[%clk 0:00:11]} Rc8 {[%clk 0:00:08]} 49. Bb5 {[%clk 0:00:12]} e5
{[%clk 0:00:07]} 50. Rd7 {[%clk 0:00:13]} Bd4 {[%clk 0:00:07]} 51. Ke4
{[%clk 0:00:14]} Rc5 {[%clk 0:00:05]} 52. Ba6 {[%clk 0:00:12]} Rc3
{[%clk 0:00:06]} 53. Bd3 {[%clk 0:00:09]} b5 {[%clk 0:00:06]} 54. Rb7
{[%clk 0:00:08]} Rc1 {[%clk 0:00:05]} 55. Rxb5 {[%clk 0:00:08]} Re1+
{[%clk 0:00:06]} 56. Kd5 {[%clk 0:00:08]} Re3 {[%clk 0:00:06]} 57. Bc4
{[%clk 0:00:09]} Rxg3 {[%clk 0:00:07]} 58. Rb7 {[%clk 0:00:10]} Rf3
{[%clk 0:00:08]} 59. Ke4 {[%clk 0:00:08]} Rf4+ {[%clk 0:00:08]} 60. Kd3
{[%clk 0:00:10]} Rf3+ {[%clk 0:00:07]} 61. Ke4 {[%clk 0:00:11]} Rf4+
{[%clk 0:00:08]} 62. Kd3 {[%clk 0:00:12]} Rf5 {[%clk 0:00:07]} 63. Bd5
{[%clk 0:00:13]} Bf2 {[%clk 0:00:06]} 64. Rb4 {[%clk 0:00:10]} Rf4
{[%clk 0:00:06]} 65. Rxf4 {[%clk 0:00:07]} exf4 {[%clk 0:00:07]} 66. Ke4
{[%clk 0:00:08]} Bxh4 {[%clk 0:00:07]} 67. Kxf4 {[%clk 0:00:09]} Be7
{[%clk 0:00:07]} 68. Bc4 {[%clk 0:00:10]} Bd6+ {[%clk 0:00:08]} 69. Ke4
{[%clk 0:00:11]} f6 {[%clk 0:00:09]} 70. Be6 {[%clk 0:00:11]} Kh6
{[%clk 0:00:09]} 71. Bf7 {[%clk 0:00:12]} f5+ {[%clk 0:00:09]} 72. Kf3
{[%clk 0:00:12]} g5 {[%clk 0:00:09]} 73. Be6 {[%clk 0:00:13]} Kg6
{[%clk 0:00:09]} 74. Bd7 {[%clk 0:00:14]} g4+ {[%clk 0:00:10]} 75. Ke3
{[%clk 0:00:15]} Kg5 {[%clk 0:00:11]} 76. Kf2 {[%clk 0:00:14]} h4
{[%clk 0:00:11]} 77. Kg2 {[%clk 0:00:15]} h3+ {[%clk 0:00:12]} 78. Kf2
{[%clk 0:00:17]} Bc5+ {[%clk 0:00:12]} 79. Kg3 {[%clk 0:00:18]} f4+
{[%clk 0:00:13]} 80. Kh2 {[%clk 0:00:19]} Kh4 {[%clk 0:00:12]} 81. Bc6
{[%clk 0:00:18]} g3+ {[%clk 0:00:11]} 82. Kh1 {[%clk 0:00:19]} g2+
{[%clk 0:00:12]} 0-1